50 Plus grandes villes d'Italie (avec une carte) - Statistiques

Statistiques générales
  • Ce quiz a été pris 97 fois
  • Le résultat moyen est 22 sur 50
Réponses sur la Carte
Les réponses sont colorées sur une échelle allant du rouge au vert en fonction du pourcentage des utilisateurs qui les ont devinées à leur premier essai. Vous pouvez retrouver ces pourcentages ci-dessous.
 
Statistiques - réponses
Ville Population % Correct
Rome 2,7 million
100%
Milan 1,3 million
98%
Turin 860 mille
97%
Naples 910 mille
95%
Venise 250 mille
93%
Florence 360 mille
92%
Gênes 560 mille
88%
Palerme 620 mille
88%
Bologne 390 mille
82%
Cagliari 145 mille
75%
Bari 320 mille
74%
Vérone 260 mille
74%
Catane 300 mille
64%
Trieste 200 mille
64%
Bergame 120 mille
63%
Messine 220 mille
57%
Udine 100 mille
55%
Modène 185 mille
49%
Rimini 150 mille
48%
Padoue 210 mille
47%
Brescia 200 mille
45%
Syracuse 115 mille
44%
Reggio de Calabre 170 mille
39%
Livourne 150 mille
36%
Ancône 100 mille
35%
Pescara 120 mille
34%
Trente 120 mille
34%
Parma 200 mille
33%
Tarente 185 mille
33%
Monza 125 mille
32%
Pérouse 160 mille
31%
Reggio d'Émilie 170 mille
27%
Prato 200 mille
26%
Ravenne 155 mille
24%
Salerne 125 mille
24%
Sassari 120 mille
22%
Foggia 145 mille
19%
Ferrare 130 mille
17%
Plaisance 105 mille
17%
Cesena 95 mille
16%
Novare 100 mille
14%
Latina 130 mille
13%
Vicence 110 mille
11%
Forli 115 mille
10%
Arezzo 95 mille
8%
Pesaro 95 mille
7%
Terni 105 mille
7%
Andria 95 mille
5%
Bolzane 105 mille
5%
Giugliano in Campania 125 mille
5%
Aucun quiz correspondant
Distribution des résultats
% des personnes avec chaque résultat
Percentile par nombre de réponses
Votre historique - résultats
Vous n’avez pas pris ce quiz